| 000 | 00572nam a22001937a 4500 | ||
|---|---|---|---|
| 008 | 170725b xxu||||| |||| 00| p tur d | ||
| 020 | _a9789750813009 | ||
| 041 | _atur | ||
| 050 | _aPL248 | ||
| 100 |
_aEloğlu, Metin _9221 |
||
| 245 |
_aİbresiz Bir Pusula (Kitaplarına Girmemiş Şiirleri) _cHaz.: Turgay Anar |
||
| 250 | _a1. baskı | ||
| 260 |
_aİstanbul _bYapı Kredi Yayınları _cEkim 2007 |
||
| 300 | _a102 Sayfa | ||
| 500 | _aYapı Kredi Yayınları 2565; Şiir: 237 | ||
| 650 | 0 |
_9145 _aTürk Edebiyatı |
|
| 700 |
_a Anar,Turgay _9717 |
||
| 942 |
_2lcc _cBK |
||
| 999 |
_c1194 _d1172 |
||